书目信息 |
| 题名: |
中小学教师科研方法与论文写作
|
|
| 作者: | 王德胜 主编 | |
| 分册: | ||
| 出版信息: | 天津 天津教育出版社 2008 |
|
| 页数: | 217页 | |
| 开本: | 26cm | |
| 丛书名: | ||
| 单 册: | ||
| 中图分类: | G630 , H152.2 | |
| 科图分类: | ||
| 主题词: | 教育科学--科学研究--中小学--师资培训--教材 , 教学研究--论文--写作--中小学--师资培训--教材 , 教育科学 , 科学研究 , 教学研究 , 论文 , 写作 | |
| 电子资源: | ||
| ISBN: | 978-7-5309-5265-8 | |
| 000 | 01040nam0 2200325 450 | |
| 001 | 012001003963 | |
| 005 | 20131027144652.0 | |
| 010 | @a978-7-5309-5265-8@dCNY28.00 | |
| 100 | @a20090210d2008 em y0chiy50 ea | |
| 101 | 0 | @achi |
| 102 | @aCN@b120000 | |
| 105 | @ay z 000yy | |
| 106 | @ar | |
| 200 | 1 | @a中小学教师科研方法与论文写作@9zhong xiao xue jiao shi ke yan fang fa yu lun wen xie zuo@f王德胜主编 |
| 210 | @a天津@c天津教育出版社@d2008 | |
| 215 | @a217页@d26cm | |
| 300 | @a全国中小学教师教育技能培训教材 | |
| 330 | @a本书全面系统地讲解了中小学教师常用的几种科学方法以及论文写作的规范要求,具有很强的实战性。 | |
| 606 | 0 | @a教育科学@x科学研究@x中小学@x师资培训@j教材 |
| 606 | 0 | @a教学研究@x论文@x写作@x中小学@x师资培训@j教材 |
| 606 | 0 | @a教育科学 |
| 606 | 0 | @a科学研究 |
| 606 | 0 | @a教学研究 |
| 606 | 0 | @a论文 |
| 606 | 0 | @a写作 |
| 690 | @aG630@v4 | |
| 690 | @aH152.2@v4 | |
| 701 | 0 | @a王德胜@9wang de sheng@c(教师,@f1942~)@4主编 |
| 801 | 0 | @aCN@b江苏凤凰@c20191020 |
| 905 | @b1228036-9@dG630@e730@f4 | |
| 中小学教师科研方法与论文写作/王德胜主编.-天津:天津教育出版社,2008 |
| 217页;26cm |
| 全国中小学教师教育技能培训教材 |
| ISBN 978-7-5309-5265-8:CNY28.00 |
| 本书全面系统地讲解了中小学教师常用的几种科学方法以及论文写作的规范要求,具有很强的实战性。 |
| ● |
| 相关链接 |
|
|
|
|
正题名:中小学教师科研方法与论文写作
索取号:G630/730
 
预约/预借
| 序号 | 登录号 | 条形码 | 馆藏地/架位号 | 状态 | 备注 |
| 1 | 1228036 | 212280360 | 第一样本阅览室/ [索取号:G630/730] | 在馆 | |
| 2 | 1228037 | 212280379 | 教育系资料室/ [索取号:G630/730] | 在馆 | |
| 3 | 1228038 | 212280388 | 教育系资料室/ [索取号:G630/730] | 在馆 | |
| 4 | 1228039 | 212280397 | 第四借阅区/ [索取号:G630/730] | 在馆 |